Normal view
MARC view
- Djordjevic I
Entry Personal Name
001 - CONTROL NUMBER
- control field: 217065
003 - CONTROL NUMBER IDENTIFIER
- control field: OSt
005 - DATE AND TIME OF LATEST TRANSACTION
- control field: 20260312113321.0
008 - FIXED-LENGTH DATA ELEMENTS
- fixed length control field: 260312|| aca||aabn | a|a d
040 ## - CATALOGING SOURCE
- Original cataloging agency: OSt
- Transcribing agency: OSt
100 ## - HEADING--PERSONAL NAME
- Personal name: Djordjevic I
670 ## - SOURCE DATA FOUND
- Source citation: Work cat.: (OSt)370400: Djordjevic I., Advanced Optical And Wireless Communications Systems, 2022